| 000 | 00479nam a22001457a 4500 | ||
|---|---|---|---|
| 008 | 211129b ||||| |||| 00| 0 eng d | ||
| 020 | _a0520052676 | ||
| 050 | _aQ175.L295 1984 | ||
| 100 |
_aLaudan, Larry _919244 |
||
| 245 |
_aScience and values _bthe aims of Science and their role in Scientific debate _cLarry Laudan |
||
| 260 |
_aLondon: _bUniversity of California Press, _cc1984. |
||
| 300 |
_axiv,149p.; _c23cm. |
||
| 650 |
_aScience _xPhilosophy |
||
| 942 |
_2lcc _cMONOGRAPH |
||
| 999 |
_c131131 _d131131 |
||